| 000 | 00504nam a2200181Ia 4500 | ||
|---|---|---|---|
| 999 |
_c14013 _d14013 |
||
| 003 | OSt | ||
| 005 | 20201023121658.0 | ||
| 008 | 190216s9999||||xx |||||||||||||| ||und|| | ||
| 020 | _a8171670407 | ||
| 040 | _coclc | ||
| 082 |
_a823 _bMAT/I |
||
| 100 |
_aMathur, Anurag _95759 |
||
| 245 | 4 |
_aThe Inscrutable Americans / _cAnurag Mathur |
|
| 260 |
_bRupa & Co, _c1996. _aNew delhi: |
||
| 300 | _a247p | ||
| 650 | _aEnglish Short Stories | ||
| 942 |
_cBK _2ddc _h823 _iMAT/I _k823 _mMAT/I |
||